| 000 | 00807nam a2200205 a 4500 | ||
|---|---|---|---|
| 001 | 000044225 | ||
| 005 | 20201002045228.0 | ||
| 008 | 140610s1999 cl 000 0 spa d | ||
| 020 | _a9589009271 | ||
| 040 |
_aDO-SdBNP _bspa _cBNPHU |
||
| 082 |
_a335.43 _bD471t |
||
| 245 | 0 | 0 |
_aDespojados de todo Fetiche : _bla autenticidad del pensamiento marxista en América Latina / _cdirigido por Pablo Guardarrama González. |
| 260 |
_aBogotá : _aSanta Clara, Cuba : _bUniversidad INCCA de Colombia, _bUniversidad Central de las Villas, _c1999. |
||
| 300 |
_a459 p. ; _c24 cm. |
||
| 504 | _aBibliografía p: 436-459 | ||
| 650 | 4 |
_aComunismo _zAmérica Latina _96841 |
|
| 650 | 4 |
_aSocialismo _zAmérica Latina _932557 |
|
| 700 | 1 | 2 |
_aGuardarrama González, Pablo _edir. _972230 |
| 910 | _aValidado. Control de calidad MFF | ||
| 999 |
_c43714 _d43714 |
||